logo

Bir Sreshtho Munshi Abdur Rouf Library
Jhenaidah Cadet College

রিয়াদুস সালেহীন / (Record no. 14056)

MARC details
000 -LEADER
fixed length control field 00808nam a2200217 a 4500
001 - CONTROL NUMBER
JCCL Control Number 14056
003 - CONTROL NUMBER IDENTIFIER
JCCL marc code BD-JhCC
005 - DATE AND TIME OF LATEST TRANSACTION
control field 20240606131953.0
008 - FIXED-LENGTH DATA ELEMENTS--GENERAL INFORMATION
fixed length control field 240606b20062020b |||| ||a| 000 0 ben d
020 ## - INTERNATIONAL STANDARD BOOK NUMBER
International Standard Book Number 98431142645
035 ## - SYSTEM CONTROL NUMBER
system control number (BD-JhCC)14056
040 ## - CATALOGING SOURCE
Original cataloging agency BD-JhCC
Modifying agency BD-JhCC
041 ## - LANGUAGE CODE
Language code of Book ben
082 ## - DEWEY DECIMAL CLASSIFICATION NUMBER
DDC Edition number 297.22
Author mark and Year NOB 2020
100 ## - MAIN ENTRY--PERSONAL NAME
Personal name মহিউদ্দিন ইয়াহইয়া আন্‌-নববী ( রহ), ইমাম
245 ## - TITLE STATEMENT
Title রিয়াদুস সালেহীন /
Remainder of title ইমাম মহিউদ্দিন ইয়াহইয়া আন্‌-নববী ( রহ),
260 ## - PUBLICATION, DISTRIBUTION, ETC. (IMPRINT)
Place of publication, distribution, etc ঢাকা:
Name of publisher, distributor, etc প্রফেসর’স পাবলিকেশন্স;
Date of publication, distribution, etc ২০২০.
300 ## - PHYSICAL DESCRIPTION
Pagination 248 p.:
Dimensions 24 cm,
650 ## - SUBJECT ADDED ENTRY--TOPICAL TERM
Topical term or geographic name as entry element Islamic
942 ## - ADDED ENTRY ELEMENTS (KOHA)
Source of classification or shelving scheme Dewey Decimal Classification
Koha item type Books
Holdings
Source of classification or shelving scheme volume number Damaged status Not for loan Home library Current library Shelving location Date of accession Cost, normal purchase price Total Checkouts Full call number Barcode Date last seen Date checked out Copy number Method of acquisition Koha item type Currency
Dewey Decimal Classification V-1     JCC Rouf Library JCC Rouf Library General Stacks   250.00 2 297.22 NOB 2020 16631 02/27/2025 10/28/2024 C-1 Purchase Books BDT
Dewey Decimal Classification V-2     JCC Rouf Library JCC Rouf Library General Stacks   250.00 1 297.22 NOB 2020 16632 05/29/2025 04/28/2025 C-1 Purchase Books BDT
Dewey Decimal Classification V-3     JCC Rouf Library JCC Rouf Library General Stacks   250.00   297.22 NOB 2020 16633 06/06/2024   C-1 Purchase Books BDT
Dewey Decimal Classification V-4     JCC Rouf Library JCC Rouf Library General Stacks   250.00   297.22 NOB 2020 16634 06/06/2024   C-1 Purchase Books BDT

JCC Library | Contacts | JCC Home

Last Update on 23 September 2017
Copyright @ 2017-2020 JCC Rouf Library
Rouf Library, Jhenidah Cadet College (JCC), Bangladesh